000 00798nam a2200205Ia 4500
001 5238
003 GE_BSU
008 181216s||||||||xx |||||||||||||| ||und||
040 _cGE_BSU
080 _a51(972)
100 _aАргунов, Б.И., Ерошкина, Л.Н.
245 _aШкольный курс математики и методика его преподавания. Темы курсовых работ и рекомендуемая литература.
245 _bПособие для студ. заочников физ-мат.фак-ов пед ин-тов
260 _aМосква
260 _bПросвещение
260 _c1972
300 _a197 с. 30 см.
653 _aШкольный курс математики методика
942 _cBK
999 _c38830
_d38830